Bandung y el despertar de los pueblos coloniales
Tallennettuna:
| Päätekijä: | |
|---|---|
| Aineistotyyppi: | Kirja |
| Kieli: | espanja |
| Julkaistu: |
Buenos Aires
Eudeba
1962
|
| Sarja: | Biblioteca de Asia y África, 3
|
| Aiheet: | |
| Tagit: |
Lisää tagi
Ei tageja, Lisää ensimmäinen tagi!
|
MARC
| LEADER | 00000nam a2200000 a 4500 | ||
|---|---|---|---|
| 001 | UCG5105 | ||
| 003 | CL-VaPUC | ||
| 008 | 110106e19620000AG |||||||||||||||||spa|d | ||
| 082 | 0 | 4 | |a 327.16 |b GUI |2 21 |
| 100 | 0 | |a Guitard, Odette |e author |9 554666 | |
| 245 | 1 | 0 | |a Bandung y el despertar de los pueblos coloniales |
| 300 | |a 126 p | ||
| 942 | |c BK | ||
| 945 | |d 20110106 00:00:00 |a dcastane | ||
| 260 | |a Buenos Aires |b Eudeba |c 1962 | ||
| 650 | 7 | |a PAISES NO ALINEADOS |2 CL-VaPUC |9 377703 | |
| 650 | 0 | |a Guerra Fría |9 319648 | |
| 650 | 0 | |a Comunismo |9 255588 | |
| 650 | 0 | |a Relaciones Internacionales |9 255740 | |
| 650 | 0 | |a Política internacional |9 255813 | |
| 650 | 0 | |a Guerra |9 255876 | |
| 651 | 0 | |a África |9 256790 | |
| 651 | 0 | |a Asia |9 268338 | |
| 583 | |a last modification |c 20110106 00:00:00 |k Rodrigo Vera | ||
| 490 | 0 | |a Biblioteca de Asia y África, 3 | |
| 999 | |c 343675 |d 343673 | ||
| 952 | |0 0 |1 0 |4 0 |6 327_160000000000000_GUI_1962 |7 0 |8 A |9 441186 |a BIBHIS |b BIBHIS |d 2019-11-22 |i 4746260 |o 327.16 GUI 1962 |p 4746260 |r 2025-01-20 |w 2019-11-22 |y BK |k HIS | ||